How Many Countries in Between? - Statistics

General Stats
  • This quiz has been taken 18 times
  • The average score is 13 of 27
Answer Stats
Hint Explanation Answer % Correct
Haiti to the Dominican Republic Shares a land border 0
73%
Guyana to Ghana Guyana is in South America, Ghana is in Africa Not drivable
73%
China to Japan Japan is an island Not drivable
73%
France to Brazil French Guiana is a department of France 0
67%
Australia to Hungary Australia borders no other countries, not to be confused with Austria Not drivable
67%
Uruguay to Chile Uruguay>Argentina>Chile 1
60%
South Africa to Saudi Arabia South Africa>Mozambique>Tanzania>Kenya>South Sudan>Sudan>Egypt>Israel>Jordan>Saudi Arabia 8
60%
Russia to the United States Alaska and Russia are not connected by land Not drivable
60%
Spain to Morocco Shares a border via exclaves 0
53%
Monaco to San Marino Monaco>France>Italy>San Marino 2
53%
Canada to El Salvador Canada>USA>Mexico>Guatemala>El Salvador 3
53%
Italy to Albania Italy>Slovenia>Croatia>Bosnia and Herzegovina>Montenegro>Albania 4
53%
Mali to Mauritius Mauritius is an island, not to be confused with Mauritania Not drivable
53%
Norway to Kazakhstan Norway>Russia>Kazakhstan 1
47%
Finland to Latvia Finland>Russia>Latvia 1
47%
Ecuador to Bolivia Ecuador>Peru>Bolivia 1
47%
Guinea to Equatorial Guinea Guinea>Mali>Niger>Nigeria>Cameroon>Equatorial Guinea 4
47%
Switzerland to Greece Switzerland>Austria>Hungary>Serbia>North Macedonia>Greece 4
40%
Belgium to Armenia Belgium>Germany>Poland>Belarus>Russia>Georgia>Armenia 5
40%
Tunisia to Namibia Tunisia>Libya>Chad>CAR>DRC>Angola>Namibia 5
40%
Indonesia to Brunei Indonesia>Malaysia>Brunei 1
33%
Afghanistan to Vietnam Afghanistan>China>Vietnam 1
27%
Libya to Jordan Libya>Egypt>Israel>Jordan 2
27%
Nigeria to Senegal Nigeria>Niger>Mali>Senegal 2
27%
India to Singapore India>Myanmar>Thailand>Malaysia>Singapore 3
27%
Bulgaria to Nepal Bulgaria>Türkiye>Iran>Pakistan>India>Nepal 4
27%
Portugal to Mongolia Portugal>Spain>France>Germany>Poland>Ukraine>Russia>Mongolia 6
20%
No matching quizzes found
Score Distribution
Percent of People with Each Score
Percentile by Number Answered
Your Score History
You have not taken this quiz